Les noms des promotions de l'ENA - Statistiques

Statistiques générales
  • Ce quiz a été pris 20 fois
  • Le résultat moyen est 32 sur 78
Statistiques - réponses
Année Indice 1 Indice 2 Elève(s) connu(s) Réponse % Correct
1970-1972 Général mort en 1970 C d G A. Juppé ; D. Perben Charles de Gaulle
89%
1948-1949 Préfet - Grand résistant J M Y. Chassagne Jean Moulin
89%
1992-1994 Père du "Petit prince" A d S Ch. Beaux Antoine de Saint-Exupéry
83%
1983-1985 Inventeur et peintre italien L d V F. Asselineau Léonard de Vinci
83%
1978-1980 François-Marie Arouet V F. Bredin ; R. Donnedieu de Vabres ; F. Hollande ; S. Royal ; M. Sapin ; D. de Villepin Voltaire
83%
1973-1975 Président du conseil du Front populaire L B M. Aubry ; A. Minc Léon Blum
78%
1989-1991 Père de Cosette V H J. Castex Victor Hugo
78%
1984-1986 Encyclopédiste D D B. Spitz Denis Diderot
72%
1979-1981 Célébrés par une déclaration en 1789 D de l'H G. Andréani Droits de l'Homme
72%
1987-1989 Devise française L E F J-F Copé ; N. Dupont-Aignan Liberté Egalité Fraternité
72%
2018-2019 Jean-Baptiste Poquelin M Molière
72%
1999-2001 Célèbre président sud-africain N M L. Wauquiez Nelson Mandela
72%
1976-1978 Ancien président du conseil P M-F I. Hausser ; Ph. de Villiers Pierre Mendès-France
72%
2014-2015 Ancien 1er ministre britannique W C Winston Churchill
72%
2015-2016 Auteur de 1984 G O George Orwell
67%
2017-2018 Le Tigre G C Georges Clémenceau
67%
2000-2002 Astronome polonais favorable à l'héliocentrisme C Copernic
61%
2008-2010 Auteur de Germinal E Z Emile Zola
61%
1965-1967 Homme à la madeleine M P C. Tasca Marcel Proust
61%
1947-1949 Organisation créée en 1945 N U P. de Boisdeffre Nations Unies
61%
2005-2007 Régime français R République
61%
1960-1962 Ecrivain né en Algérie en 1913 A C P. Joxe Albert Camus
56%
1997-1999 Personnage au long nez C d B Ch. Jouanno Cyrano de Bergerac
56%
1971-1973 Papa de Gargantua F R L. Fabius ; E. Huppert ; F. Léotard François Rabelais
56%
2013-2014 Fabuliste célèbre J de LF Jean de La Fontaine
56%
2002-2004 1er président du Sénégal L S S Léopold Sédar Senghor
56%
2011-2012 Double prix Nobel M C Marie Curie
56%
2004-2006 Ancienne ministre des Affaires sociales S V Simone Veil
56%
1972-1974 Femme philosophe française S W E. Guigou ; A-M Idrac ; H. Védrine Simone Weil
56%
1975-1977 Ecrivain, ministre de la Culture A M F. Gaspard André Malraux
50%
1955-1957 Pays - Continent F A E. Balladur France Afrique
50%
1967-1969 Assassiné le 31/07/1914 J J F. Chandernagor ; J. Cheminade Jean Jaurès
50%
1988-1990 Un des pères de l'Europe J M M. Hirsch Jean Monnet
50%
1968-1970 Incorruptible R J. Attali ; L. Schweitzer ; Ph. Seguin Robespierre
50%
1996-1998 Bataille de 1792 V B. Le Maire Valmy
50%
1947-1948 Emblème de la France Libre C D L C. Cheysson : M. Jobert ; M. Poniatowski Croix de Lorraine
44%
1982-1984 Anarchiste de la Commune de Paris L M P. Moscovici Louise Michel
44%
1993-1995 Poète et résistant mort en 1988 R C M. Ajdari René Char
44%
1957-1959 Grand architecte militaire V J. Chirac ; B. Stasi Vauban
44%
1958-1960 Auteur d'un livre célèbre sur la démocratie A d T G. de Broglie Alexis de Tocqueville
39%
2019-2020 Philosophe allemande puis américaine morte en 1975 H A Hannah Arendt
39%
2010-2012 Père d'Emile J J R Jean-Jacques Rousseau
39%
2012-2013 Ancien ministre assassiné en 1944 J Z Jean Zay
39%
2003-2005 Egalement Emile Ajar R G Romain Gary
39%
1956-1958 Mémoire d'un appel D J M. Rocard Dix-huit juin
33%
1949-1951 "Bébé" de Jean Monnet E V. Giscard d'Estaing ; M. Long Europe
33%
1952-1954 Célèbre gouverneur du Tchad F E J-P Fourcade Félix Eboué
33%
2009-2011 Ancien ministre de la Justice R B Robert Badinter
33%
1946-1948 Référence à l'Empire colonial U F P. Reverdy Union Française
33%
1994-1996 A permis l'abolition de l'esclavage V S F. Mion Victor Schoelcher
33%
2020-2021 Ecrivain et poète martiniquais A C Aimé Césaire
28%
2006-2008 Prix Nobel de la Paix mort en 1932 A B Aristide Briand
28%
1974-1976 Massacre en 1937 G J-Ch Naouri Guernica
28%
1995-1997 Historien et résistant tué par la Gestapo M B E Philippe Marc Bloch
28%
1986-1988 Ami de La Boétie M d M J. Audibert Michel de Montaigne
28%
1961-1963 L'archange de la Terreur S-J J-Ph Lecat Saint-Just
28%
1998-2000 Philosophe musulman andalou A F. Pellerin Averroès
22%
1962-1964 Auvergnat qui pensait beaucoup B P C. Cabana Blaise Pascal
22%
1964-1966 Charles Louis de Secondat M H. de Charette Montesquieu
22%
2007-2009 Chancelier allemand W B Willy Brandt
22%
1959-1961 Organisateur de la Victoire L C J-P Soisson Lazare Carnot
17%
1963-1965 Henri Beyle S J-P Chevénement ; L. Jospin ; J. Toubon Stendhal
17%
1969-1971 Saint britannique T M J-L Bianco ; C. Guéant : J-P Huchon ; A. Richard ; J-C Trichet Thomas More
17%
1966-1968 Contrôleur des finances sous Louis XVI T J. Drucker ; A. Rufenacht Turgot
17%
1953-1955 Ancien directeur du Bureau International du Travail A T J-B Raimond Albert Thomas
11%
1991-1993 Politique et aérostier ! L G C. Guillouard Léon Gambetta
11%
1981-1983 Nom d'un syndicat polonais S C. Colonna Solidarité
11%
1990-1992 Nicolas de Caritat C C. Démier Condorcet
6%
1985-1987 Historien mort en 1985 F B N. Bazire ; F. Parly Fernand Braudel
6%
1946-1947 Mémoire de la guerre F C A. Peyrefitte ; J. Duhamel ; Y. Guéna France Combattante
6%
1950-1952 Diplomate et auteur mort en 1944 J G J-F Deniau Jean Giraudoux
6%
2016-2017 Doyenne des députés au parlement européen L W Louise Weiss
6%
1977-1979 Célèbre conseiller du parlement de paris mort en 1573 M d l'H Ch. de Courson Michel de l'Hospital
6%
1948-1950 Centenaire Q J. Clouet Quarante-huit
6%
1954-1956 Diplomate français, énarque mort en 1953 G D N. Questiaux ; J. François-Poncet Guy Desbos
0%
1980-1982 Chancelier de France mort en 1751 H-F d'A P-M Couteaux Henri-François d'Aguesseau
0%
1951-1953 Ancien ambassadeur au Royaume-Uni P C R. Pandraud Paul Cambon
0%
2001-2003 Prix Nobel de la Paix, compagnon de la Libération R C René Cassin
0%
Aucun quiz correspondant
Distribution des résultats
% des personnes avec chaque résultat
Percentile par nombre de réponses
Votre historique - résultats
Vous n’avez pas pris ce quiz